[Event "CHI-chT"]
[Site "Santiago de Chile"]
[Date "2019.09.26"]
[Round "3.1"]
[White "Valdes Mujica, Claudio"]
[Black "Cortes Garrote, Juan Carlos"]
[Result "0-1"]
[WhiteElo "1675"]
[BlackElo "1974"]
[PlyCount "66"]
[EventDate "2019.09.05"]
[EventType "team-swiss"]
[EventRounds "9"]
[EventCountry "CHI"]
[SourceTitle "CBM 193 Extra"]
[Source "ChessBase"]
[SourceDate "2020.01.31"]
[SourceVersion "1"]
[SourceVersionDate "2020.01.31"]
[SourceQuality "1"]
[WhiteTeam "Rafael Sotomayor CC"]
[BlackTeam "Plaza de Armas CC II"]
[WhiteTeamCountry "CHI"]
[BlackTeamCountry "CHI"]

1. d4 f5 2. c4 Nf6 3. Nc3 e6 4. Bf4 Be7 5. e3 0-0 6. Bd3 d6 7. Nf3 Nbd7 8. h3 Qe8 9. Nb5 Bd8 10. Bh2 Ne4 11. 0-0 b6 12. a4 a6 13. Nc3 Nxc3 14. bxc3 Bb7 15. a5 e5 16. Nd2 Qg6 17. d5 Bf6 18. Qc2 e4 19. Be2 Be5 20. f4 exf3 21. Rxf3 Bxh2+ 22. Kxh2 Ne5 23. Rg3 Qh6 24. Nf3 Ng4+ 25. Kh1 Nf2+ 26. Kh2 Ne4 27. Nd4 Nxg3 28. Kxg3 Rae8 29. Kh2 Rxe3 30. Rf1 Bc8 31. Nxf5 Bxf5 32. Rxf5 Rxf5 33. Qxf5 Rxe2 0-1

[Event "CHI-chT"]
[Site "Santiago de Chile"]
[Date "2012.11.30"]
[Round "3"]
[White "Contardo Oyarzun, Jose"]
[Black "Cortes Garrote, Juan Carlos"]
[Result "1/2-1/2"]
[WhiteElo "2074"]
[BlackElo "1976"]
[PlyCount "58"]
[EventDate "2012.11.22"]
[EventType "team-tourn"]
[EventRounds "9"]
[EventCountry "CHI"]
[SourceTitle "EXT 2014"]
[Source "ChessBase"]
[SourceDate "2013.11.20"]
[SourceVersion "1"]
[SourceVersionDate "2013.11.20"]
[SourceQuality "1"]

1. e4 e6 2. d4 d5 3. Nd2 Nf6 4. e5 Nfd7 5. Bd3 c5 6. c3 Nc6 7. Ne2 Qb6 8. Nf3 Be7 9. 0-0 0-0 10. h4 f5 11. Nf4 Nd8 12. c4 dxc4 13. Bxc4 cxd4 14. Re1 Rf7 15. Nxd4 Nf8 16. Nb3 Bxh4 17. Be3 Qc7 18. Rc1 Qxe5 19. g3 Bf6 20. Bd4 Qb8 21. Bxf6 Rd7 22. Bd4 b5 23. Nc5 bxc4 24. Nxd7 Bxd7 25. Rxc4 Nf7 26. Bc3 e5 27. Nd5 Be6 28. Rb4 Qd6 29. Ne3 Qc6 1/2-1/2

[Event "Santiago zt"]
[Site "Santiago de Chile"]
[Date "1996.??.??"]
[Round "?"]
[White "Barria Zuniga, Daniel"]
[Black "Cortes Garrote, Juan Carlos"]
[Result "1/2-1/2"]
[WhiteElo "2330"]
[BlackElo "2045"]
[PlyCount "63"]
[EventDate "1996.??.??"]
[EventType "tourn"]
[EventRounds "14"]
[EventCountry "CHI"]
[EventCategory "3"]
[SourceTitle "EXT 2001"]
[Source "ChessBase"]
[SourceDate "2000.11.22"]
[SourceVersion "1"]
[SourceVersionDate "2000.11.22"]
[SourceQuality "1"]

1. e4 e5 2. Nf3 Nc6 3. Bb5 d6 4. d4 Bd7 5. 0-0 Nf6 6. Nc3 Be7 7. Re1 exd4 8. Nxd4 Nxd4 9. Qxd4 Bxb5 10. Nxb5 a6 11. Nc3 0-0 12. b3 Nd7 13. Nd5 Bf6 14. Nxf6+ Qxf6 15. Qxf6 Nxf6 16. Bb2 Nd7 17. f3 Rfe8 18. Kf2 Re6 19. Re3 f6 20. f4 Rae8 21. Rae1 Kf7 22. Kf3 R6e7 23. Bd4 Nf8 24. R3e2 Ng6 25. g3 Nf8 26. Bf2 Nd7 27. Bd4 Nb8 28. a3 Nc6 29. Bc3 Nd8 30. Bd4 Nc6 31. Bc3 Nd8 32. Bd4 1/2-1/2

[Event "Santiago zt"]
[Site "Santiago de Chile"]
[Date "1996.??.??"]
[Round "?"]
[White "Cortes Garrote, Juan Carlos"]
[Black "Toloza Soto, Pablo Alejandro"]
[Result "0-1"]
[WhiteElo "2045"]
[BlackElo "2395"]
[PlyCount "62"]
[EventDate "1996.??.??"]
[EventType "tourn"]
[EventRounds "14"]
[EventCountry "CHI"]
[EventCategory "3"]
[SourceTitle "EXT 2001"]
[Source "ChessBase"]
[SourceDate "2000.11.22"]
[SourceVersion "1"]
[SourceVersionDate "2000.11.22"]
[SourceQuality "1"]

1. e4 d6 2. d4 Nf6 3. Nc3 e5 4. Nf3 Nbd7 5. Bc4 Be7 6. a4 0-0 7. a5 c6 8. 0-0 Rb8 9. b3 b5 10. axb6 axb6 11. Bb2 b5 12. Bd3 Re8 13. Ne2 Bf8 14. Qd2 Qc7 15. Qa5 Nb6 16. Qc3 b4 17. Qd2 exd4 18. Bxd4 Nxe4 19. Qf4 Nd5 20. Qh4 Bf5 21. Nf4 Nxf4 22. Qxf4 Bg6 23. Nh4 Nc3 24. Nxg6 Nd5 25. Qf3 hxg6 26. h4 Nf6 27. Ra7 Rb7 28. Rxb7 Qxb7 29. h5 Nxh5 30. g4 Nf6 31. Kg2 Qd7 0-1

[Event "Santiago zt"]
[Site "Santiago de Chile"]
[Date "1996.??.??"]
[Round "?"]
[White "Cortes Garrote, Juan Carlos"]
[Black "Vasquez Schroder, Rodrigo Rafael"]
[Result "0-1"]
[WhiteElo "2045"]
[BlackElo "2520"]
[PlyCount "76"]
[EventDate "1996.??.??"]
[EventType "tourn"]
[EventRounds "14"]
[EventCountry "CHI"]
[EventCategory "3"]
[SourceTitle "EXT 2001"]
[Source "ChessBase"]
[SourceDate "2000.11.22"]
[SourceVersion "1"]
[SourceVersionDate "2000.11.22"]
[SourceQuality "1"]

1. e4 c6 2. d4 d5 3. Nc3 dxe4 4. Nxe4 Nd7 5. Bc4 Ngf6 6. Ng5 e6 7. Qe2 Nb6 8. Bb3 h6 9. N5f3 a5 10. c3 c5 11. dxc5 Nbd7 12. Ne5 Nxe5 13. Qxe5 a4 14. Bc2 Ra5 15. Nf3 Bxc5 16. Bxa4+ Ke7 17. Qf4 e5 18. Qg3 Bd6 19. Bb3 e4 20. Qxg7 Rh7 21. Qxh7 Nxh7 22. Nd4 Qg8 23. Bxh6 Ng5 24. h4 Ne6 25. 0-0-0 Nxd4 26. Rxd4 Qxg2 27. Re1 Bf5 28. Bg5+ f6 29. Bxf6+ Kxf6 30. Rxd6+ Ke5 31. Rd2 Qg4 32. Bc4 Qxh4 33. b4 Ra8 34. Bd5 Rd8 35. c4 b5 36. Rde2 bxc4 37. Bxe4 Bxe4 38. Re3 Rd3 0-1

[Event "Santiago zt"]
[Site "Santiago de Chile"]
[Date "1996.??.??"]
[Round "?"]
[White "Sepulveda Herrera, Job Rodrigo"]
[Black "Cortes Garrote, Juan Carlos"]
[Result "1-0"]
[WhiteElo "2265"]
[BlackElo "2045"]
[PlyCount "73"]
[EventDate "1996.??.??"]
[EventType "tourn"]
[EventRounds "14"]
[EventCountry "CHI"]
[EventCategory "3"]
[SourceTitle "EXT 2001"]
[Source "ChessBase"]
[SourceDate "2000.11.22"]
[SourceVersion "1"]
[SourceVersionDate "2000.11.22"]
[SourceQuality "1"]

1. d4 d6 2. c4 e5 3. Nf3 e4 4. Ng5 f5 5. Nc3 Nf6 6. Nh3 c6 7. e3 Be6 8. Be2 Bf7 9. b3 Be7 10. 0-0 0-0 11. Ng5 d5 12. Nxf7 Rxf7 13. a4 Na6 14. c5 Nc7 15. b4 Ne6 16. Rb1 g5 17. b5 Bf8 18. Kh1 g4 19. Bd2 Qc8 20. a5 h5 21. f4 exf3 22. gxf3 Ng5 23. e4 Nxf3 24. Bxf3 gxf3 25. exd5 Nxd5 26. Nxd5 cxd5 27. Qxf3 Bg7 28. Qxd5 Qd8 29. Rxf5 Qxd5+ 30. Rxd5 Rf2 31. Be3 Rf3 32. Rg1 Kf8 33. Rg3 Rxg3 34. hxg3 Re8 35. Bf2 Re2 36. Kg1 Ra2 37. Rd7 1-0